1970s Oscar Best Actor Nominees - Statistics

General Stats
  • This quiz has been taken 1,081 times
  • The average score is 20 of 35
Answer Stats
Movie Actor % Correct
The Godfather; Last Tango in Paris Marlon Brando
98%
Taxi Driver; The Deer Hunter Robert De Niro
98%
Serpico; The Godfather Part II; Dog Day Afternoon Al Pacino
97%
Five Easy Pieces; The Last Detail; Chinatown; One Flew Over the Cuckoo's Nest Jack Nicholson
97%
Rocky Sylvester Stallone
94%
Saturday Night Fever John Travolta
93%
The French Connection Gene Hackman
90%
Annie Hall Woody Allen
87%
The Sting Robert Redford
85%
True Grit John Wayne
84%
Midnight Cowboy; Lenny Dustin Hoffman
81%
Patton; The Hospital George C. Scott
80%
Midnight Cowboy; Coming Home Jon Voight
80%
Sunday Bloody Sunday; Network Peter Finch
67%
Save the Tiger Jack Lemmon
66%
The Goodbye Girl Richard Dreyfuss
63%
Love Story Ryan O'Neal
63%
Heaven Can Wait Warren Beatty
60%
Sleuth Michael Caine
54%
Sleuth; The Boys from Brazil Laurence Olivier
53%
Harry and Tonto Art Carney
48%
Murder on the Orient Express Albert Finney
44%
Fiddler on the Roof Chaim Topol
42%
Anne of the Thousand Days; Equus Richard Burton
40%
The Buddy Holly Story Gary Busey
39%
Goodbye, Mr. Chips; The Ruling Class Peter O'Toole
38%
Kotch; The Sunshine Boys Walter Matthau
37%
Network William Holden
36%
The Great White Hope James Earl Jones
30%
I Never Sang for My Father Melvyn Douglas
25%
A Special Day Marcello Mastroianni
16%
The Man in the Glass Booth Maximilian Schell
15%
Sounder Paul Winfield
15%
Give 'em Hell, Harry! James Whitmore
14%
Seven Beauties Giancarlo Giannini
13%
No matching quizzes found
Score Distribution
Percent of People with Each Score
Percentile by Number Answered
Your Score History
You have not taken this quiz